000 01006nam a2200277Ia 4500
003 OSt
005 20221005103657.0
006 a|||||r|||| 00| 0
007 ta
008 221004b |||||||| |||| 00| 0 hin d
020 _a9789383962419 (hbk)
_cINR 600.00
024 _a37191
037 _b390, 12/03/2018, Eastern Book Linkers
_cTextual
040 _aCRL
_cCRL
_bhin
041 _2hin
_ahin
082 _aO152,1(Delta25):g, Q6
100 _aदयाशंकर, ले.
245 0 _aभक्तिकाव्य
_b पुनर्पाठ
246 _aBhaktikāvya: punarpāṭha
260 _aदिल्ली
_bअनुज्ञा बुक्स भारत
_c2016
300 _a272पृ0
_ccm.
650 _a हिन्दी साहित्य
650 _aहिन्दी कविता
942 _hO152,1(Delta25):g, Q6
_cTEXL
_2cc
999 _c1010593
_d1010593